Data structures, algorithms, and object-oriented programming (Record no. 6473)
[ view plain ]
| 000 -LEADER | |
|---|---|
| fixed length control field | 00724 a2200205 4500 |
| 020 ## - INTERNATIONAL STANDARD BOOK NUMBER | |
| International Standard Book Number | 0070278938 |
| 035 ## - SYSTEM CONTROL NUMBER | |
| System control number | 7814324 |
| 040 ## - CATALOGING SOURCE | |
| Original cataloging agency | DLC |
| Language of cataloging | DLC |
| 082 ## - DEWEY DECIMAL CLASSIFICATION NUMBER | |
| Classification number | 005.73 |
| 100 10 - MAIN ENTRY--PERSONAL NAME | |
| Personal name | Heileman, Gregory L. |
| 245 10 - TITLE STATEMENT | |
| Title | Data structures, algorithms, and object-oriented programming |
| Statement of responsibility, etc. | / Gregory L. Heileman. |
| 260 0# - PUBLICATION, DISTRIBUTION, ETC. | |
| Place of publication, distribution, etc. | New Delhi |
| Name of publisher, distributor, etc. | : McGraw-Hill |
| Date of publication, distribution, etc. | ., 2002 |
| 300 ## - PHYSICAL DESCRIPTION | |
| Extent | xvi, 446 p. |
| Other physical details | : ill. |
| Dimensions | ; 24 cm. |
| 490 1# - SERIES STATEMENT | |
| Series statement | McGraw-Hill series in computer science. Fundamentals of computing and programming. |
| 650 #0 - SUBJECT ADDED ENTRY--TOPICAL TERM | |
| Topical term or geographic name entry element | Data structures (Computer science) |
| 650 #0 - SUBJECT ADDED ENTRY--TOPICAL TERM | |
| Topical term or geographic name entry element | Computer algorithms. |
| 650 #0 - SUBJECT ADDED ENTRY--TOPICAL TERM | |
| Topical term or geographic name entry element | Object-oriented programming (Computer science) |
| 830 #0 - SERIES ADDED ENTRY--UNIFORM TITLE | |
| Uniform title | McGraw-Hill computer science series |
| 942 ## - ADDED ENTRY ELEMENTS (KOHA) | |
| Koha item type | Book |
| Call number prefix | 005.73 HEI |
| Source of classification or shelving scheme | |
| Withdrawn status | Lost status | Damaged status | Not for loan | Collection code | Permanent Location | Current Location | Shelving location | Date acquired | Source of acquisition | Cost, normal purchase price | Total Checkouts | Full call number | Barcode | Date last seen | Date last checked out | Price effective from | Koha item type |
|---|---|---|---|---|---|---|---|---|---|---|---|---|---|---|---|---|---|
| Central Library (CL) | Central Library (CL) | First Floor - Operating System/ Data Structure | 09/20/2003 | Allied Book Company | 229.40 | 4 | 005.73 HEI | SEECS003815 | 11/04/2016 | 10/20/2016 | 01/05/2017 | Book | |||||
| Central Library (CL) | Central Library (CL) | First Floor - Operating System/ Data Structure | 06/27/2013 | Donation | 0.00 | 2 | 005.73 HEI | SEECSD00934 | 06/20/2015 | 06/20/2015 | 07/12/2013 | Book |
